000 00251nam a2200097Ia 4500
008 120527s9999 xx 000 0 und d
100 _aMajor,R.H
245 _aClassic descriptions of diseases 3rd ed.
260 _bCharles and Thomas Pub.
942 _cBK
999 _c19704
_d19704